000 00449nam a2200169 i 4500
001 bg
100 1 _aJASTRZĘBSKA, Maria
245 0 _aModelowanie analogowe /
_cMaria Jastrzębska, Jerzy Wróblewski, Zbigniew Niestrawski.
250 _aWyd.2 popr.
260 _aOpole,
_c1977.
700 1 _aWRÓBLEWSKI, Jerzy
700 1 _aNIESTRAWSKI, Zbigniew
040 _cBPK
041 _apol
942 _cKS
008 s pl f |000 0 pol
999 _c9843
_d9843
856 _uhttp://koha.tu.koszalin.pl/cgi-bin/koha/opac-detail.pl?biblionumber=9843
_yKatalog online BPK